Introduction to the Theory of Formal Groups /
Zapisane w:
| 1. autor: | |
|---|---|
| Format: | Sách giấy |
| Język: | English |
| Wydane: |
New York :
Marcel Dekker ,
1973
|
| Etykiety: |
Dodaj etykietę
Nie ma etykietki, Dołącz pierwszą etykiete!
|
| Thư viện lưu trữ: | Thư viện Trường Đại học Đà Lạt |
|---|
| LEADER | 00573nam a2200241 4500 | ||
|---|---|---|---|
| 001 | DLU020011159 | ||
| 005 | ##12/24/1999 | ||
| 041 | # | # | |a eng |
| 082 | # | # | |a 512.2 |b DI-J |
| 090 | # | # | |a 512.2 |b DI-J |
| 100 | # | # | |a Dieudonné, J. |
| 245 | # | # | |a Introduction to the Theory of Formal Groups / |c Dieudonné J. |
| 260 | # | # | |a New York : |b Marcel Dekker , |c 1973 |
| 300 | # | # | |a X, 263 tr.; |c 23 cm. |
| 992 | # | # | |a 8000 |
| 994 | # | # | |a DLU |
| 900 | # | # | |a False |
| 911 | # | # | |a Administrator |
| 925 | # | # | |a G |
| 926 | # | # | |a A |
| 927 | # | # | |a SH |
| 980 | # | # | |a Thư viện Trường Đại học Đà Lạt |